Questioning Movie Quotes VIII? Quiz Stats

 Plays Quiz Updated Nov 4, 2017

Challenge
Share
Tweet
Embed
Score 0/20 Timer 04:00
3 Plays Today
% Correct
Snow White and the Seven Dwarfs
93.9%
The Silence of the Lambs
88.1%
The Santa Clause
85.9%
Slumdog Millionaire
84.5%
Ghostbusters II
83.9%
300
82.5%
Rain Man
67%
Spotlight
66.9%
Space Jam
66.5%
Finding Neverland
66.5%
% Correct
The Last of the Mohicans
50.3%
The Ninth Gate
46.7%
White Men Can't Jump
44.5%
Night of the Living Dead
41.9%
The Bourne Ultimatum
41.7%
Training Day
41.1%
Twelve Monkeys
40.4%
Little Miss Sunshine
39.9%
Die Hard With a Vengeance
34.4%
Lilo & Stitch
24.2%

You're not logged in!

Compare scores with friends on all Sporcle quizzes.
OR
Log In

You Might Also Like...

Show Comments

Extras

Top Quizzes Today


Score Distribution

Your Account Isn't Verified!

In order to create a playlist on Sporcle, you need to verify the email address you used during registration. Go to your Sporcle Settings to finish the process.

Report this User

Report this user for behavior that violates our Community Guidelines.

Details: